000 01326nam a22003857a 4500
003 CHAP
005 20220329140908.0
008 971013s1988 r 00010 d
010 _a59435
011 _a60407
035 _a64569
040 _cCHAP
090 _aTesis
100 0 0 _aDíaz Hernández, Carlos.
_933502
245 _aCruzas dialélicas parciales entre líneas de maíz de alto rendimiento del trópico y El Bajío
260 _aChapingo, Méx. :
_bEl autor,
_c1988
300 _a167 p.
502 _aTesis (M. C. Esp. en Genética) -- Colegio de Postgraduados. Centro de Genética
590 _aALEPH
_b10
_c20130110
_lUCH01
_h1337
590 _aBATCH-UPD
_b10
_c20130110
_lUCH01
_h0223
590 _aBATCH-UPD
_b10
_c20130110
_lUCH01
_h1720
590 _aBATCH-UPD
_b10
_c20130409
_lUCH01
_h2243
590 _aBATCH-UPD
_b10
_c20130410
_lUCH01
_h1104
590 _aBATCH-UPD
_b10
_c20130914
_lUCH01
_h1217
590 _aCONVERSION
_b10
_c20130109
_lUCH01
_h1332
650 1 4 _aMaíz
_xBajío.
_970891
650 1 4 _aMaíz
_xGenética.
_970963
650 1 4 _aMaíz
_xMejoramiento.
_971006
650 1 4 _aMaíz
_xRendimiento.
_971051
650 1 4 _aMaíz
_xTrópicos.
_971076
901 _aBK
942 _cFOLL
949 _bBC
_cTES
_d-141007
_eTS1
_h20221
_i64569
_si
949 _bBC
_cTES
_d-141008
_eTS2
_fc.2
_h20222
_i64569
_si
999 _c59435
_d59435